[Event "Stuttgart-chA int"]
[Site "Ditzingen"]
[Date "2009.05.23"]
[Round "5"]
[White "Braun, Joachim"]
[Black "Holzhaeuer, Mathias"]
[Result "1-0"]
[WhiteElo "2114"]
[BlackElo "2335"]
[PlyCount "79"]
[EventDate "2009.05.21"]
[EventType "swiss"]
[EventRounds "7"]
[EventCountry "GER"]
[SourceTitle "EXT 2018"]
[Source "ChessBase"]
[SourceDate "2017.10.13"]
[SourceVersion "1"]
[SourceVersionDate "2017.10.13"]
[SourceQuality "1"]

1. e4 d5 2. exd5 Qxd5 3. Nc3 Qd6 4. d4 Nf6 5. Nf3 Bg4 6. Be2 a6 7. 0-0 Nc6 8. Be3 e6 9. Qd2 0-0-0 10. Rfd1 h6 11. a3 g5 12. b4 Qe7 13. Qe1 Bg7 14. b5 axb5 15. Rab1 b4 16. axb4 Nxb4 17. Nb5 Nfd5 18. c4 Nxe3 19. fxe3 Nc6 20. Ra1 Bxf3 21. Bxf3 f5 22. Ra8+ Kd7 23. d5 Ne5 24. Rxd8+ Rxd8 25. d6 Nxf3+ 26. gxf3 cxd6 27. Nxd6 Kc6 28. c5 b5 29. Qa5 Rb8 30. Nc8 Qb7 31. Rd6+ Kxc5 32. Qa3+ b4 33. Qa5+ Kc4 34. Nb6+ Kb3 35. Qa4+ Kc3 36. Qa1+ Kb3 37. Rd3+ Bc3 38. Qd1+ Kb2 39. Nc4+ Ka2 40. Qa4+ 1-0

[Event "Neuhausen OBM op"]
[Site "Neuhausen"]
[Date "2008.05.20"]
[Round "1"]
[White "Braun, Joachim"]
[Black "Schulze, Ulrich"]
[Result "0-1"]
[WhiteElo "2112"]
[BlackElo "2322"]
[PlyCount "88"]
[EventDate "2008.05.20"]
[EventType "swiss"]
[EventRounds "9"]
[EventCountry "GER"]
[SourceTitle "CBM 124 Extra"]
[Source "ChessBase"]
[SourceDate "2008.07.03"]
[SourceVersion "1"]
[SourceVersionDate "2008.07.03"]
[SourceQuality "1"]

1. e4 Nf6 2. e5 Nd5 3. d4 d6 4. Nf3 dxe5 5. Nxe5 c6 6. Bd3 Nd7 7. Nxd7 Bxd7 8. 0-0 g6 9. c3 Bg7 10. Bg5 0-0 11. Nd2 Re8 12. h3 Qc7 13. Nf3 b5 14. Qd2 Rac8 15. Rfe1 c5 16. Bh4 cxd4 17. cxd4 Qb6 18. Be4 Bc6 19. Bxd5 Bxd5 20. Bxe7 Bxf3 21. Bc5 Rxe1+ 22. Rxe1 Qd8 23. Be7 Qxd4 24. Qxd4 Bxd4 25. gxf3 Bxb2 26. Bg5 a6 27. Bh6 Bg7 28. Bxg7 Kxg7 29. Re2 Rc3 30. Kg2 Ra3 31. f4 Kf6 32. f3 b4 33. Kg3 a5 34. Kg4 a4 35. Re4 Rxa2 36. Rxb4 Rg2+ 37. Kh4 a3 38. Rb7 a2 39. Ra7 Ke6 40. Ra5 Kd6 41. Ra6+ Kd5 42. Ra8 Kc4 43. Ra7 Kb3 44. Rb7+ Kc2 0-1